[Event "BCF-chT2d 0809 (4NCL) Demotion pool"]
[Site "Hinckley Island"]
[Date "2009.03.22"]
[Round "8.6"]
[White "Cumming, Rhys"]
[Black "Robson, Tony"]
[Result "1-0"]
[WhiteElo "1883"]
[BlackElo "125"]
[PlyCount "31"]
[EventDate "2008.10.04"]
[EventType "team-tourn"]
[EventRounds "4"]
[EventCountry "ENG"]
[SourceTitle "EXT 2010"]
[Source "ChessBase"]
[SourceDate "2010.11.25"]
[SourceVersion "1"]
[SourceVersionDate "2010.11.25"]
[SourceQuality "1"]
[WhiteTeam "Barbican Youth"]
[BlackTeam "South Wales Dragons II"]
[WhiteTeamCountry "ENG"]
[BlackTeamCountry "ENG"]

1. e4 e6 2. d4 d5 3. e5 c5 4. c3 Nc6 5. Nf3 a6 6. Be2 cxd4 7. cxd4 Nge7 8. Na3 Nf5 9. Nc2 a5 10. 0-0 Qb6 11. Bd3 Nfxd4 12. Ncxd4 Nxd4 13. Nxd4 Qxd4 14. Bb5+ Bd7 15. Bxd7+ Kxd7 16. Qxd4 1-0